Power to bind and loose. (Record no. 14185)

000 -LEADER
fixed length control field 00548nam a2200193 a 4500
001 - CONTROL NUMBER
control field :::00012010$&:&@@
003 - CONTROL NUMBER IDENTIFIER
control field OkBaRHE
005 - DATE AND TIME OF LATEST TRANSACTION
control field 20000607103415.0
008 - FIXED-LENGTH DATA ELEMENTS--GENERAL INFORMATION
fixed length control field j 000 0 eng u
040 ## - CATALOGING SOURCE
Transcribing agency
100 1# - MAIN ENTRY--PERSONAL NAME
Personal name Grant, W. V. (Walter Vinson)
245 10 - TITLE STATEMENT
Title Power to bind and loose.
260 ## - PUBLICATION, DISTRIBUTION, ETC. (IMPRINT)
Place of publication, distribution, etc Dallas, TX., :
Name of publisher, distributor, etc Faith Clinic
Date of publication, distribution, etc nd
300 ## - PHYSICAL DESCRIPTION
Extent 32 p.
650 ## - SUBJECT ADDED ENTRY--TOPICAL TERM
Topical term or geographic name as entry element Miracles
650 ## - SUBJECT ADDED ENTRY--TOPICAL TERM
Topical term or geographic name as entry element Pentecostalism
942 ## - ADDED ENTRY ELEMENTS (KOHA)
Source of classification or shelving scheme
Koha item type Books
Copies
Withdrawn status Koha item type Lost status Copy number Full call number Source of classification or shelving scheme Not for loan Damaged status Barcode Date last seen Date acquired Shelving location Permanent Location Price effective from
 Books 1BX 8764 .Z6G7   120102010-04-142010-04-14General StacksRHEMA Bible Training College2010-04-14